00253nam a22001097a 4500003000400000020001800004082001400022100002000036245004800056260003100104300000800135SGT a9781032227405 a747bTHA  aTHAM JASON C.K  aUX WRITING DESIGNING USER CONTERED CONTENT  aUSA bRAUTLEDGE PUB c2024 a248